| 000 | 01219cam a2200337 a 4500 | ||
|---|---|---|---|
| 001 | 2274 | ||
| 003 | BD-DhEWU | ||
| 005 | 20141204151525.0 | ||
| 008 | 890315s1990 maua g 000 0 eng d | ||
| 010 | _a 89032003 | ||
| 020 | _a0201503522 | ||
| 020 | _a9780201503524 | ||
| 035 | _a(OCoLC)19515222 | ||
| 040 |
_aDLC _cDLC _dDLC _dBD-DhEWU _beng |
||
| 041 | _aeng | ||
| 050 | 0 | 0 |
_aPE1122 _b.D78 1990 |
| 082 | 0 | 4 |
_a428.64 _220 _bDUR 1990 |
| 100 | 1 |
_aDubin, Fraida. _915971 |
|
| 245 | 1 | 0 |
_aReading by all means : _breading improvement strategies for English language learners / _cFraida Dubin and Elite Olshtain. |
| 250 | _aNew ed. | ||
| 260 |
_aReading, Mass. : _bAddison-Wesley, _cc1990. |
||
| 300 |
_axiv, 206 p. : _bill. ; _c24 cm. |
||
| 526 | _aEnglish | ||
| 590 | _aSagar Shahanawaz | ||
| 650 | 0 |
_aCollege readers. _96368 |
|
| 650 | 0 |
_aReading comprehension _xProblems, exercises, etc. _918883 |
|
| 650 | 0 |
_aEnglish language _xTextbooks for foreign speakers. _918884 |
|
| 700 | 1 |
_aOlshtain, Elite. _915974 |
|
| 856 | 4 | 2 |
_3WorldCat details _uhttp://www.worldcat.org/title/reading-by-all-means-reading-improvement-strategies-for-english-language-learners/oclc/19515222&referer=brief_results |
| 942 |
_2ddc _cTEXT |
||
| 999 |
_c2774 _d2774 |
||